Ekonomika procesně řízených organizací

Saved in:
Bibliographic Details
Main Author: Kryšpín, Luděk
Corporate Author: Vysoká škola ekonomická v Praze. Podnikohospodářská fakulta
Format: Book
Language:Czech
Published: Praha VŠE v Praze, Nakladatelství Oeconomica 2005
Subjects:
Tags: Add Tag
No Tags, Be the first to tag this record!

MARC

LEADER 00000nam$a2200000$$$4500
001 0054830
005 20240223111527.1
020 |a 80-245-0965-2 
041 0 |a cze 
044 |a CZ 
245 1 0 |a Ekonomika procesně řízených organizací  |c Luděk Kryšpín 
264 1 |a Praha  |b VŠE v Praze, Nakladatelství Oeconomica  |c 2005 
300 |a 53 s. 
610 2 0 |a organizácie 
610 2 0 |a riadenie procesné 
610 2 0 |a hospodárstvo podnikové 
610 2 0 |a riadenie projektové 
610 2 0 |a výkony podnikové 
610 2 0 |a analýzy 
610 2 0 |a reengineering 
610 2 0 |a kontrola 
610 2 0 |a plánovanie 
100 1 |a Kryšpín, Luděk 
710 2 |a Vysoká škola ekonomická v Praze. Podnikohospodářská fakulta